Analýza finančnej situácie na podklade súvahy podnikateľa diplomová práca

Salvato in:
Dettagli Bibliografici
Autore principale: Pavolová, Veronika
Ente Autore: Fakulta hospodárskej informatiky EU. Katedra účtovníctva a audítorstva
Altri autori: Šlosárová, Anna
Natura: Libro
Lingua:slovacco
Pubblicazione: Bratislava 2009
Tags: Aggiungi Tag
Nessun Tag, puoi essere il primo ad aggiungerne!!

MARC

LEADER 00000nam$a2200000$$$4500
001 0100987
005 20240318134559.2
041 0 |a slo 
044 |a SK 
245 1 0 |a Analýza finančnej situácie na podklade súvahy podnikateľa  |b diplomová práca  |c Veronika Pavolová ; škol. Anna Šlosárová 
264 1 |a Bratislava  |c 2009 
300 |a 68 s. 
100 1 |a Pavolová, Veronika 
700 1 |a Šlosárová, Anna 
710 2 |a Fakulta hospodárskej informatiky EU. Katedra účtovníctva a audítorstva